<?xml version="1.0" encoding="UTF-8"?>
<record
    xmlns:xsi="http://www.w3.org/2001/XMLSchema-instance"
    xsi:schemaLocation="http://www.loc.gov/MARC21/slim http://www.loc.gov/standards/marcxml/schema/MARC21slim.xsd"
    xmlns="http://www.loc.gov/MARC21/slim">

  <leader>01765cam a22002651  4500</leader>
  <controlfield tag="001">5526</controlfield>
  <controlfield tag="003">FISKH</controlfield>
  <controlfield tag="005">20241216143046.0</controlfield>
  <controlfield tag="008">710924r1968    nyu           000 1 eng  </controlfield>
  <datafield tag="010" ind1=" " ind2=" ">
    <subfield code="a">   67015283 </subfield>
  </datafield>
  <datafield tag="040" ind1=" " ind2=" ">
    <subfield code="a">DLC</subfield>
    <subfield code="c">DLC</subfield>
    <subfield code="d">DLC</subfield>
    <subfield code="b">eng</subfield>
  </datafield>
  <datafield tag="050" ind1=" " ind2=" ">
    <subfield code="a">PZ4.L4526 </subfield>
  </datafield>
  <datafield tag="082" ind1=" " ind2=" ">
    <subfield code="a">813 </subfield>
  </datafield>
  <datafield tag="100" ind1="1" ind2=" ">
    <subfield code="a">Le Carr&#xE9;, John,</subfield>
    <subfield code="d">1931-2020,</subfield>
    <subfield code="e">author.</subfield>
  </datafield>
  <datafield tag="245" ind1="1" ind2="2">
    <subfield code="a">A small town in Germany /</subfield>
    <subfield code="c">by John Le Carr&#xE9;, </subfield>
  </datafield>
  <datafield tag="250" ind1=" " ind2=" ">
    <subfield code="a">First Dell printing August 1969</subfield>
  </datafield>
  <datafield tag="260" ind1=" " ind2=" ">
    <subfield code="a">New York : </subfield>
    <subfield code="b">Dell Publishing,</subfield>
    <subfield code="c">1968</subfield>
  </datafield>
  <datafield tag="300" ind1=" " ind2=" ">
    <subfield code="a">311 pages : </subfield>
    <subfield code="b">18 cm</subfield>
  </datafield>
  <datafield tag="500" ind1=" " ind2=" ">
    <subfield code="a">A novel.</subfield>
  </datafield>
  <datafield tag="520" ind1=" " ind2=" ">
    <subfield code="a">"A Small Town in Germany is an exciting, compulsively readable and brilliantly plotted novel. Le Carr&#xFFFD; has shown once more that he can write this kind of book better than anyone else around-and he has done so without repeating himself." - The New York Times Book Review In the late 1960s, in the town of Bonn, capital of West Germany, a British Embassy officer by the name of Leo Harting goes missing-and forty-three confidential-or-higher files with him. Dispatched from the British Foreign Office to investigate, Alan Turner arrives in Bonn to find riots, protests, and a tenuous balance of power. As if there isn't enough pressure, the embassy's head of Chancery, Rawley Bradfield, makes it clear he has no intentions of making Turner's investigation an easy one. As Turner peels back the layers of chaos and desperation swirling around Bonn and the British Embassy, and grows ever closer to understanding the missing Leo Harting, he begins to uncover a web of deceit and corruption that threatens to upend British interests in Western Europe. </subfield>
  </datafield>
  <datafield tag="650" ind1=" " ind2=" ">
    <subfield code="a">Novel</subfield>
    <subfield code="v">Spy Fiction</subfield>
  </datafield>
  <datafield tag="906" ind1=" " ind2=" ">
    <subfield code="a">7</subfield>
    <subfield code="b">cbc</subfield>
    <subfield code="c">orignew</subfield>
    <subfield code="d">u</subfield>
    <subfield code="e">ocip</subfield>
    <subfield code="f">19</subfield>
    <subfield code="g">y-gencatlg</subfield>
  </datafield>
  <datafield tag="942" ind1=" " ind2=" ">
    <subfield code="2">ddc</subfield>
    <subfield code="c">BK</subfield>
    <subfield code="n">0</subfield>
  </datafield>
  <datafield tag="999" ind1=" " ind2=" ">
    <subfield code="c">5526</subfield>
    <subfield code="d">5526</subfield>
  </datafield>
  <datafield tag="952" ind1=" " ind2=" ">
    <subfield code="0">0</subfield>
    <subfield code="1">0</subfield>
    <subfield code="2">ddc</subfield>
    <subfield code="4">0</subfield>
    <subfield code="7">0</subfield>
    <subfield code="8">FIC</subfield>
    <subfield code="a">001</subfield>
    <subfield code="b">001</subfield>
    <subfield code="c">SBS</subfield>
    <subfield code="d">2024-12-16</subfield>
    <subfield code="l">0</subfield>
    <subfield code="o">CAR 813 PZ4.L4526 </subfield>
    <subfield code="p">2024-2453</subfield>
    <subfield code="r">2024-12-16 14:30:43</subfield>
    <subfield code="w">2024-12-16</subfield>
    <subfield code="y">BK</subfield>
  </datafield>
</record>
